| 000 | 00495nam a2200121Ia 4500 | ||
|---|---|---|---|
| 008 | 220615s9999||||xx |||||||||||||| ||und|| | ||
| 100 | _aTeissie, J. | ||
| 245 | 0 | _aChapter Electrically Mediated Gene Delivery : Basic and Translational Concepts | |
| 546 | _aEnglish[eng] | ||
| 650 | _aEarth sciences, geography, environment, planning | ||
| 856 | _uhttps://library.oapen.org/bitstream/20.500.12657/49088/1/42448.pdf||https://library.oapen.org/bitstream/20.500.12657/49088/1/42448.pdf | ||
| 942 | _cEB | ||
| 999 |
_c16025 _d16025 |
||